Cuba Stone : tres historias /
Crónicas del primer concierto que ofrecieron los Rolling Stones en Cuba, en marzo de 2016, relatado desde tres puntos de vista. Se trató de un espectáculo gratuito que reunió fans de todo el mundo y a muchos cubanos que nunca habían escuchado la agrupación inglesa.
Uloženo v:
| Hlavní autor: | |
|---|---|
| Další autoři: | , , |
| Médium: | Kniha |
| Jazyk: | španělština |
| Vydáno: |
México :
Tusquets,
2016, c2016
|
| Edice: | (Andanzas México)
|
| Témata: | |
| Tagy: |
Žádné tagy, Buďte první, kdo vytvoří štítek k tomuto záznamu!
|
MARC
| LEADER | 00000nam^a2200000^a^4500 | ||
|---|---|---|---|
| 001 | 000406217 | ||
| 005 | 20250521000000.0 | ||
| 009 | 20260310121851.836 | ||
| 020 | |a 978-607-421-890-9 | ||
| 037 | |a Acervo ITESO - Biblioteca | ||
| 041 | |a ESP | ||
| 082 | |a 787. 10942 |b GAM | ||
| 100 | |a Gamboa, Jeremías |e (autor) | ||
| 245 | 1 | 0 | |a Cuba Stone : |b tres historias / |c J. Gamboa, J. Rangel, J. Sinay ; ed. de L. Guerriero. |
| 264 | 4 | |a México : |b Tusquets, |c 2016, c2016 | |
| 300 | |a 223 p. | ||
| 336 | |a texto |b txt |2 rdacontenido | ||
| 337 | |a sin mediación |b n |2 rdamedio | ||
| 338 | |a volumen |b nc |2 rdasoporte | ||
| 440 | 1 | |a (Andanzas México) | |
| 520 | |a Crónicas del primer concierto que ofrecieron los Rolling Stones en Cuba, en marzo de 2016, relatado desde tres puntos de vista. Se trató de un espectáculo gratuito que reunió fans de todo el mundo y a muchos cubanos que nunca habían escuchado la agrupación inglesa. | ||
| 649 | |a XX | ||
| 650 | |a Músicos Ingleses | ||
| 650 | |a Banda (de Jazz, Rock, etc.) - |z Inglaterra | ||
| 650 | |a Banda (de Jazz, Rock, etc.) - |z Inglaterra - |x Historia y Crítica | ||
| 650 | |a Crónicas Argentinas | ||
| 650 | |a Crónicas Mexicanas | ||
| 650 | |a Crónicas Peruanas | ||
| 650 | |a Conciertos (Espectáculos) - |z La Habana, Cuba - |x Historia - |y 2006 en Adelante - |x Tema Principal | ||
| 650 | |a Conciertos (Espectáculos) - |z Cuba - |x Historia - |y 2006 en Adelante | ||
| 650 | |a Espectáculos Populares - |z La Habana, Cuba - |x Historia - |y 2006 en Adelante | ||
| 650 | |a Espectáculos Populares - |z Cuba - |x Historia - |y 2006 en Adelante | ||
| 650 | |a Rock - |z Inglaterra - |x Historia y Crítica - |x Tema Principal | ||
| 650 | |a Rock - |x Historia y Crítica | ||
| 650 | |a Música Popular Moderna - |y Siglo XX | ||
| 650 | |a Música Popular Moderna - |z Inglaterra - |x Historia y Crítica | ||
| 650 | |a Música Popular Moderna - |x Historia y Crítica | ||
| 650 | |a Música Inglesa - |y Siglo XX | ||
| 650 | |a Música Inglesa - |x Historia y Crítica | ||
| 650 | |a Música y Sociedad - |z Cuba - |x Historia - |y 2006 en Adelante | ||
| 650 | |a Arte Inglés - |y Siglo XX | ||
| 650 | |a Jagger, Mick | ||
| 650 | |a Jones, Brian | ||
| 650 | |a Richards, Keith | ||
| 650 | |a Watts, Charlie | ||
| 650 | |a Wyman, Bill | ||
| 650 | |a Rolling Stones - |x Tema Principal | ||
| 700 | |a Rangel, Joselo |e (autor) | ||
| 700 | |a Sinay, Javier |e (autor) | ||
| 700 | |a Guerriero, Leila |e (edición) | ||
| 910 | |a Fondo General | ||
| 920 | |a Impresos - Libros | ||
| 930 | |a Colección General | ||
| 905 | |a 101 | ||
| 901 | |a 0500310706 |b IT1 |c ACC |i C153540 |u 20250521 | ||
| 902 | |a https://opac.biblio.iteso.mx/vufind/Record/000406217 | ||